[Event "GER-chT School WK 2"]
[Site "Playchess.com INT"]
[Date "2020.06.15"]
[Round "7.1"]
[White "Kartsev, Nikolaj"]
[Black "Engel, Luis"]
[Result "1-0"]
[WhiteElo "1923"]
[BlackElo "1982"]
[PlyCount "159"]
[EventDate "2020.06.08"]
[EventType "team-swiss (blitz)"]
[EventRounds "7"]
[EventCountry "GER"]
[SourceTitle "EXT 2021"]
[Source "ChessBase"]
[SourceDate "2020.10.23"]
[SourceVersion "1"]
[SourceVersionDate "2020.10.23"]
[SourceQuality "1"]
[WhiteTeam "Bad Krozingen Max Planck"]
[BlackTeam "Hamburg Privates Gymn"]
[WhiteTeamCountry "GER"]
[BlackTeamCountry "GER"]

1. e4 c5 2. Nf3 d6 3. c3 Nf6 4. Bd3 Nc6 5. h3 d5 6. exd5 Qxd5 7. Qe2 Qe6 8. 0-0 Qxe2 9. Bxe2 e6 10. Na3 Be7 11. d4 0-0 12. dxc5 Bxc5 13. Nc4 b6 14. b4 Be7 15. b5 Nb8 16. a4 Nbd7 17. Rd1 Nd5 18. Bd2 Nc5 19. Nd4 Bb7 20. Bf3 Rac8 21. a5 Nd7 22. Ne3 Ne5 23. Bxd5 Bxd5 24. Nxd5 exd5 25. axb6 axb6 26. Nf5 Bf6 27. Ra6 Nc4 28. Be3 g6 29. Bd4 Bg5 30. f4 gxf5 31. fxg5 Ra8 32. Rxa8 Rxa8 33. Bf6 Ne3 34. Rd3 f4 35. Kf2 h6 36. gxh6 Kh7 37. g3 Nf5 38. gxf4 Kxh6 39. Rxd5 Kg6 40. Bd4 Ra2+ 41. Kf3 Rd2 42. Ke4 Ng3+ 43. Ke3 Nf1+ 44. Kf3 Nh2+ 45. Ke4 Nf1 46. Rd6+ Kh5 47. Rxb6 Ng3+ 48. Kd5 Ne2 49. Kc4 Ng3 50. Rb8 Nf5 51. b6 Rb2 52. b7 Nd6+ 53. Kd5 Nxb7 54. c4 Rb1 55. c5 Kg6 56. Rxb7 Rxb7 57. c6 Rb8 58. c7 Rg8 59. Kc6 Kf5 60. Kd7 Kxf4 61. Bf6 Ra8 62. c8Q Rxc8 63. Kxc8 Kf5 64. Bh4 Kf4 65. Kd7 Kf5 66. Ke7 Kg6 67. Bf6 Kh5 68. Kxf7 Kh6 69. Ke6 Kg6 70. h4 Kh6 71. Kf5 Kh5 72. Be7 Kh6 73. Kg4 Kg6 74. h5+ Kh6 75. Ba3 Kh7 76. Kg5 Kg7 77. Bb2+ Kh7 78. h6 Kg8 79. Kg6 Kf8 80. h7 1-0

[Event "GER-chT School WK 2"]
[Site "Playchess.com INT"]
[Date "2020.06.15"]
[Round "6.1"]
[White "Weishaeutel, Moritz"]
[Black "Kartsev, Nikolaj"]
[Result "0-1"]
[WhiteElo "2049"]
[BlackElo "1923"]
[PlyCount "110"]
[EventDate "2020.06.08"]
[EventType "team-swiss (blitz)"]
[EventRounds "7"]
[EventCountry "GER"]
[SourceTitle "EXT 2021"]
[Source "ChessBase"]
[SourceDate "2020.10.23"]
[SourceVersion "1"]
[SourceVersionDate "2020.10.23"]
[SourceQuality "1"]
[WhiteTeam "Erfurt Alb Schweitzer Gymn"]
[BlackTeam "Bad Krozingen Max Planck"]
[WhiteTeamCountry "GER"]
[BlackTeamCountry "GER"]

1. e4 c5 2. Nf3 d6 3. d4 cxd4 4. Nxd4 Nf6 5. Nc3 Nc6 6. Bg5 e6 7. Qd2 a6 8. 0-0-0 h6 9. Nxc6 bxc6 10. Bf4 d5 11. Qe3 Qa5 12. Be2 Bb4 13. Be5 Be7 14. Qg3 0-0 15. Bf4 Nxe4 16. Nxe4 dxe4 17. Be5 f6 18. Bd6 Bxd6 19. Qxd6 Qxa2 20. Qb4 a5 21. Qc3 Ba6 22. Bxa6 Rxa6 23. Rhe1 c5 24. Rd7 Qa1+ 25. Kd2 Qa4 26. Rb7 Rd6+ 27. Ke2 Rfd8 28. Kf1 Qc6 29. Ra7 Qb5+ 30. Kg1 Rd1 31. h3 Qe2 32. Rxd1 Rxd1+ 33. Kh2 Qxf2 34. Ra8+ Kh7 35. Re8 Qf4+ 36. Qg3 Rh1+ 37. Kxh1 Qxg3 38. Rxe6 e3 39. c4 Qf2 40. b3 e2 41. Kh2 e1Q 42. Rxe1 Qxe1 43. h4 Qxh4+ 44. Kg1 Qe1+ 45. Kh2 Qb4 46. g4 Qxb3 47. g5 Qxc4 48. g6+ Kxg6 49. Kg3 a4 50. Kf3 a3 51. Ke3 a2 52. Kd2 a1Q 53. Ke3 Qa3+ 54. Kd2 Qb2+ 55. Kd1 Qcc1# 0-1

[Event "GER-chT School WK 2"]
[Site "Playchess.com INT"]
[Date "2020.06.08"]
[Round "1.1"]
[White "Sallandt, Frido"]
[Black "Kartsev, Nikolaj"]
[Result "1-0"]
[WhiteElo "1988"]
[BlackElo "1923"]
[PlyCount "177"]
[EventDate "2020.06.08"]
[EventType "team-swiss (blitz)"]
[EventRounds "7"]
[EventCountry "GER"]
[SourceTitle "EXT 2021"]
[Source "ChessBase"]
[SourceDate "2020.10.23"]
[SourceVersion "1"]
[SourceVersionDate "2020.10.23"]
[SourceQuality "1"]
[WhiteTeam "Leibniz Gymn"]
[BlackTeam "Bad Krozingen Max Planck"]
[WhiteTeamCountry "GER"]
[BlackTeamCountry "GER"]

1. e4 c5 2. Nc3 e6 3. Bc4 Nc6 4. f4 Nge7 5. d3 d5 6. Bb3 g6 7. Nf3 Bg7 8. 0-0 0-0 9. Qe1 b6 10. Qh4 Nd4 11. f5 dxe4 12. f6 Nef5 13. Qxe4 Bxf6 14. Qxa8 Qc7 15. Qe4 Bb7 16. Qe1 Nxf3+ 17. gxf3 Nh4 18. Ne4 Be7 19. Bg5 Bxg5 20. Nxg5 Qf4 21. Qg3 Qd4+ 22. Qf2 Qf4 23. Ne4 Nf5 24. Qd2 Qe5 25. Rae1 Qxb2 26. Qc3 Qxc3 27. Nxc3 Nd4 28. Ne4 Kg7 29. c3 Nf5 30. Ng3 Nh4 31. Ne4 Rd8 32. Rd1 h6 33. a4 f5 34. Nd2 Rxd3 35. Bxe6 Rxc3 36. Rde1 Rc2 37. Bb3 Rxd2 38. Re7+ Kf6 39. Rxb7 Rd3 40. Bd1 f4 41. Rxa7 Nf5 42. Bc2 Rd2 43. Bxf5 Kxf5 44. Rb7 Ra2 45. Rxb6 Rxa4 46. Rb5 Rc4 47. Ra1 Rc3 48. Rf1 Kg5 49. Kg2 Kh4 50. Rb6 Kh5 51. Rd6 g5 52. Rf2 c4 53. Rc6 Rc1 54. Rf1 Rc2+ 55. Rf2 Rc1 56. Re2 c3 57. Ree6 Rc2+ 58. Kf1 g4 59. Rxh6+ Kg5 60. Rcg6+ Kf5 61. fxg4+ Ke4 62. Re6+ Kf3 63. g5 Rf2+ 64. Ke1 Rg2 65. Kd1 c2+ 66. Kc1 Kf2 67. Kxc2 f3 68. Ref6 Kg1+ 69. Kd1 f2 70. Ke2 f1Q+ 71. Ke3 Qe1+ 72. Kd4 Rd2+ 73. Kc5 Qc1+ 74. Kb6 Rb2+ 75. Ka7 Qa1+ 76. Ra6 Ra2 77. Rxa2 Qxa2+ 78. Ra6 Qxa6+ 79. Kxa6 Kxh2 80. g6 Kg2 81. g7 Kf1 82. g8Q Ke2 83. Qe6+ Kd1 84. Qd5+ Kc2 85. Qc4+ Kd1 86. Qa2 Ke1 87. Qb2 Kf1 88. Qd2 Kg1 89. Qe2 1-0

[Event "Pfalz op-A 11th"]
[Site "Neustadt an der Weinstrasse"]
[Date "2020.02.21"]
[Round "1"]
[White "Kartsev, Nikolaj"]
[Black "Richter, Nils"]
[Result "0-1"]
[WhiteElo "2054"]
[BlackElo "2354"]
[PlyCount "126"]
[EventDate "2020.02.21"]
[EventType "swiss"]
[EventRounds "9"]
[EventCountry "GER"]
[SourceTitle "CBM 195 Extra"]
[Source "ChessBase"]
[SourceDate "2020.05.31"]
[SourceVersion "1"]
[SourceVersionDate "2020.05.31"]
[SourceQuality "1"]

1. e4 c5 2. Nf3 e6 3. b3 b6 4. Bb2 Bb7 5. Qe2 Nc6 6. g3 d6 7. Bg2 Nf6 8. 0-0 Be7 9. d4 cxd4 10. Nxd4 0-0 11. c4 a6 12. Nxc6 Bxc6 13. Nc3 Qc7 14. Rfe1 Qb7 15. Nd5 e5 16. f4 Rfe8 17. Kh1 Bd8 18. Rad1 Bxd5 19. exd5 Nd7 20. fxe5 Nxe5 21. Rd3 Bf6 22. Re3 Re7 23. Qf1 Rae8 24. Be4 Ng4 25. Qf5 g6 26. Qxg4 Bxb2 27. R3e2 Bc3 28. Rc1 f5 29. Qf3 Bd4 30. Bd3 Re3 31. Qf1 Rxe2 32. Bxe2 Qe7 33. Bf3 Qe3 34. Rc2 Qe1 35. Kg2 Re3 36. Qxe1 Rxe1 37. Be2 Kf7 38. c5 Bxc5 39. Bxa6 g5 40. Bc8 Kf6 41. Ba6 Rd1 42. Bc4 g4 43. h3 Rg1+ 44. Kh2 f4 45. Rg2 Rxg2+ 46. Kxg2 f3+ 47. Kh2 h5 48. hxg4 hxg4 49. Bb5 Ke5 50. Bc6 Ke4 51. Bb7 Bd4 52. Bc6 Ke3 53. Bd7 Kd2 54. Bxg4 f2 55. Bh3 Ke1 56. a4 f1Q 57. Bxf1 Kxf1 58. Kh3 Ke2 59. b4 Kd3 60. a5 bxa5 61. bxa5 Kc4 62. g4 Kb5 63. g5 Kxa5 0-1

[Event "Ruhrgebiet Verbandsliga Gruppe 2 1819"]
[Site "Nordrheinwestfalen"]
[Date "2019.02.03"]
[Round "6.4"]
[White "Canzler, Harald"]
[Black "Kartsev, Nikolaj"]
[Result "0-1"]
[WhiteElo "1978"]
[BlackElo "1953"]
[PlyCount "76"]
[EventDate "2018.09.23"]
[EventType "team-tourn"]
[EventRounds "9"]
[EventCountry "GER"]
[SourceTitle "EXT 2022"]
[Source "ChessBase"]
[SourceDate "2021.10.06"]
[SourceVersion "1"]
[SourceVersionDate "2021.10.06"]
[SourceQuality "1"]
[WhiteTeam "Dortmund SV"]
[BlackTeam "Brackel SF III"]
[WhiteTeamCountry "GER"]
[BlackTeamCountry "GER"]

1. Nf3 c5 2. g3 Nf6 3. Bg2 g6 4. 0-0 Bg7 5. d3 d5 6. c4 Nc6 7. Nc3 0-0 8. cxd5 Nxd5 9. Nxd5 Qxd5 10. Ng5 Qd7 11. Be3 b6 12. Qd2 Bb7 13. Rab1 Nd4 14. Bxb7 Qxb7 15. b4 cxb4 16. Rxb4 Nf5 17. Nf3 Rac8 18. Rb3 Nxe3 19. Qxe3 Rc2 20. a3 Rfc8 21. h4 Qd5 22. d4 Rxe2 23. Qxe2 Qxb3 24. Qa6 Rc7 25. Kg2 Qc4 26. Qxc4 Rxc4 27. Rd1 Rc3 28. a4 Ra3 29. Rc1 Rxa4 30. Rc8+ Bf8 31. Ne5 Rxd4 32. Ra8 a5 33. Nc6 Rd7 34. Rb8 Kg7 35. Rxb6 Rd6 36. Kf3 a4 37. Ra6 a3 38. Rxa3 Rxc6 0-1

[Event "GER-chT U16"]
[Site "Aurich"]
[Date "2018.12.28"]
[Round "4.2"]
[White "Kartsev, Nikolaj"]
[Black "Wolf, Philipp"]
[Result "1/2-1/2"]
[WhiteElo "2055"]
[BlackElo "1913"]
[PlyCount "116"]
[EventDate "2018.12.27"]
[EventType "team-swiss"]
[EventRounds "7"]
[EventCountry "GER"]
[SourceTitle "CBM 188 Extra"]
[Source "ChessBase"]
[SourceDate "2019.02.26"]
[SourceVersion "1"]
[SourceVersionDate "2019.02.26"]
[SourceQuality "1"]
[WhiteTeam "Brackel"]
[BlackTeam "Stadtilm Blau Weiss"]
[WhiteTeamCountry "GER"]
[BlackTeamCountry "GER"]

1. e4 c5 2. c3 Nf6 3. e5 Nd5 4. d4 cxd4 5. cxd4 e6 6. Nf3 b6 7. Nc3 Nxc3 8. bxc3 Qc7 9. Bd2 Bb7 10. Bd3 d6 11. 0-0 Nd7 12. Qe2 dxe5 13. Nxe5 Nxe5 14. dxe5 Bc5 15. Bg5 0-0 16. Kh1 Be7 17. Bf6 Bxf6 18. exf6 Qxc3 19. fxg7 Qxg7 20. f3 Rac8 21. Rab1 Rfd8 22. Rfd1 Bd5 23. Rb4 h5 24. Ba6 Rc5 25. Rbd4 Qf6 26. R4d2 Rd7 27. h3 Rdc7 28. Bd3 Rc1 29. Be4 Rxd1+ 30. Rxd1 Bxe4 31. Qxe4 Qg5 32. f4 Qe7 33. Qe5 Rc5 34. Qb8+ Kg7 35. Rd8 Qc7 36. Qxc7 Rxc7 37. Rd2 Kf6 38. g4 hxg4 39. hxg4 Rc4 40. Rf2 b5 41. Kg2 Rc3 42. Re2 b4 43. Rb2 a5 44. Re2 Ra3 45. Kf2 a4 46. Rb2 b3 47. axb3 Rxb3 48. Rc2 Rb4 49. Kg3 a3 50. Ra2 Ra4 51. Kh4 Rxf4 52. Rxa3 Kg6 53. Kg3 Rb4 54. Ra5 f6 55. Ra6 e5 56. Ra8 Rb3+ 57. Kh4 e4 58. Re8 Kf7 1/2-1/2

[Event "Dortmund Helmut Kohl"]
[Site "Dortmund"]
[Date "2018.07.20"]
[Round "7"]
[White "Kartsev, Nikolaj"]
[Black "Pahl, Erik"]
[Result "1-0"]
[WhiteElo "2084"]
[BlackElo "2089"]
[PlyCount "115"]
[EventDate "2018.07.14"]
[EventType "tourn"]
[EventRounds "9"]
[EventCountry "GER"]
[SourceTitle "CBM 185 Extra"]
[Source "ChessBase"]
[SourceDate "2018.07.29"]
[SourceVersion "1"]
[SourceVersionDate "2018.07.29"]
[SourceQuality "1"]

1. e4 c5 2. Nf3 d6 3. Bb5+ Nd7 4. 0-0 a6 5. Bxd7+ Bxd7 6. d4 cxd4 7. Qxd4 e5 8. Qd3 h6 9. c4 Nf6 10. Nc3 Be7 11. h3 0-0 12. Be3 Qc7 13. Rac1 Rac8 14. b3 Qb8 15. Nh4 Rfd8 16. Bb6 Re8 17. Qg3 Nh5 18. Qf3 Bxh4 19. Qxh5 Bg5 20. Be3 Bxe3 21. fxe3 Be6 22. Nd5 Bxd5 23. exd5 Qc7 24. Rf3 Re7 25. Rcf1 f6 26. Qg6 Kf8 27. Qh7 Rf7 28. g4 Qd7 29. Rf5 Ke8 30. h4 Qe7 31. g5 hxg5 32. hxg5 Kd7 33. Qh3 Kc7 34. g6 Rff8 35. e4 Rh8 36. Rh5 Qe8 37. Qg4 Rxh5 38. Qxh5 Qe7 39. Kf2 Qd7 40. Ke3 Rf8 41. Kd2 Kb6 42. Rf3 Ka7 43. Kc2 Rc8 44. Rc3 Rf8 45. Qh3 Qxh3 46. Rxh3 Rc8 47. Rh7 Rc7 48. Kd3 b5 49. Rh8 Kb6 50. Rf8 b4 51. Rf7 a5 52. Ke3 Kb7 53. c5 Kc8 54. cxd6 Rd7 55. Kf3 Rxd6 56. Rxg7 Kd8 57. Ra7 Ke8 58. g7 1-0

[Event "Dortmund Helmut Kohl"]
[Site "Dortmund"]
[Date "2018.07.17"]
[Round "4"]
[White "Knudsen, Simon"]
[Black "Kartsev, Nikolaj"]
[Result "1-0"]
[WhiteElo "2197"]
[BlackElo "2084"]
[PlyCount "85"]
[EventDate "2018.07.14"]
[EventType "tourn"]
[EventRounds "9"]
[EventCountry "GER"]
[SourceTitle "CBM 185 Extra"]
[Source "ChessBase"]
[SourceDate "2018.07.29"]
[SourceVersion "1"]
[SourceVersionDate "2018.07.29"]
[SourceQuality "1"]

1. e4 c5 2. Nf3 d6 3. d4 cxd4 4. Nxd4 Nf6 5. Nc3 Nc6 6. Bg5 e6 7. Qd2 a6 8. 0-0-0 h6 9. Nxc6 bxc6 10. Bf4 d5 11. Qe3 Qa5 12. Be2 Bb4 13. Be5 Be7 14. Qg3 0-0 15. h4 Ra7 16. Bf4 Kh8 17. e5 Ng8 18. Qd3 Rb7 19. Kb1 Ba3 20. b3 c5 21. Bd2 c4 22. Qe3 Bb4 23. Rh3 Rd8 24. Qf4 d4 25. Ne4 c3 26. Bc1 Qc7 27. Nd6 Bxd6 28. exd6 Qxd6 29. Qxd6 Rxd6 30. Rxc3 Bd7 31. Rc5 Nf6 32. Bf3 Rb5 33. Ba3 Rdb6 34. Rxd4 e5 35. Rxb5 axb5 36. Rd1 Bg4 37. Bc5 Rb8 38. Bxg4 Nxg4 39. Rd7 Kg8 40. Re7 f6 41. f3 Nh2 42. Rd7 Nf1 43. Bf2 1-0

[Event "Herne UFO op 9th"]
[Site "Herne"]
[Date "2018.06.02"]
[Round "5"]
[White "Kartsev, Nikolaj"]
[Black "Kueppers, Timo"]
[Result "1/2-1/2"]
[WhiteElo "1993"]
[BlackElo "2175"]
[PlyCount "91"]
[EventDate "2018.05.30"]
[EventType "swiss"]
[EventRounds "7"]
[EventCountry "GER"]
[SourceTitle "CBM 184 Extra"]
[Source "ChessBase"]
[SourceDate "2018.06.28"]
[SourceVersion "1"]
[SourceVersionDate "2018.06.28"]
[SourceQuality "1"]

1. e4 e6 2. Qe2 e5 3. Nf3 Nc6 4. g3 Nf6 5. Bg2 Bc5 6. 0-0 0-0 7. d3 Re8 8. c3 d5 9. Be3 Bb6 10. Bxb6 axb6 11. Nbd2 Be6 12. Ng5 dxe4 13. dxe4 Qe7 14. Nxe6 Qxe6 15. Qc4 Qxc4 16. Nxc4 Red8 17. a3 b5 18. Ne3 Rd2 19. Rab1 Rad8 20. Rfd1 Kf8 21. Kf1 Na5 22. Ke1 Nb3 23. Nf1 Rxd1+ 24. Rxd1 Rxd1+ 25. Kxd1 Nc5 26. f3 Nd3 27. b3 Nd7 28. Kd2 N3c5 29. Kc2 c6 30. Ne3 g6 31. Bh3 Ke7 32. b4 Ne6 33. Kb3 Ng5 34. Bg2 Nb6 35. h4 Ne6 36. Bh3 Kd6 37. Bxe6 Kxe6 38. c4 bxc4+ 39. Nxc4 Nc8 40. Na5 Nd6 41. a4 f5 42. Nc4 Ne8 43. a5 Nc7 44. Na3 fxe4 45. fxe4 Nb5 46. Nxb5 1/2-1/2

[Event "GER-ch U25-A"]
[Site "Willingen"]
[Date "2018.05.26"]
[Round "9"]
[White "Kartsev, Nikolaj"]
[Black "Gerlach, Felix Tobias"]
[Result "1/2-1/2"]
[WhiteElo "1925"]
[BlackElo "1963"]
[PlyCount "45"]
[EventDate "2018.05.19"]
[EventType "swiss"]
[EventRounds "9"]
[EventCountry "GER"]
[SourceTitle "CBM 184 Extra"]
[Source "ChessBase"]
[SourceDate "2018.06.28"]
[SourceVersion "1"]
[SourceVersionDate "2018.06.28"]
[SourceQuality "1"]

1. e4 e5 2. Nf3 Nc6 3. Bb5 a6 4. Ba4 Nf6 5. d3 b5 6. Bb3 Be7 7. 0-0 d6 8. c3 0-0 9. Re1 Na5 10. Bc2 c5 11. Nbd2 Nc6 12. Nf1 Re8 13. Ng3 Be6 14. h3 h6 15. d4 exd4 16. cxd4 cxd4 17. Nxd4 Nxd4 18. Qxd4 Rc8 19. Bb3 d5 20. e5 Nd7 21. Be3 Bc5 22. Qd1 Bxe3 23. Rxe3 1/2-1/2